Quizzes
Events
Quiz Creation
Community
Videos
Private Events
Remove Ads
Sign In
Join for FREE
Feedback
Dark Mode
Quiz Categories
Sports
Geography
Music
Movies
Television
Just For Fun
Miscellaneous
History
Literature
Language
Science
Gaming
Entertainment
Religion
Holiday
For Kids
Quiz Lab
Recent
Popular Today
Quiz Kudos Today
Editor Picks
Curator Picks
Quizzes by...
Day
Popularity
Type
Ratings
Length
Year
Community
Subscriptions
Recent Discussions
Orange Saloon
Badges
Playlists
Quests
Create
Leaderboards
Showdown
Live 5
Trivia Bingo
Activity
Puzzle Library
Sporcle Events
Private Events
Virtual Trivia
Globe League
Become a Host
Pub Owners
SporcleCon
Opinionation
Our Games
Videos
Blog
Mobile Apps
Partnerships
Remove Ads and Go Orange
Feedback
Geography
Country
Landmarks
City
State
Population
World
Capital
Continent
Flags
Europe
Africa
Asia
South America
North America
Oceania
Border
Canada
United Kingdom
Topography
United States
Geography
Country
Landmarks
City
State
Population
World
Capital
Continent
Flags
Europe
Africa
Asia
South America
North America
Oceania
Border
Canada
United Kingdom
Topography
United States
Random Quiz
Search Sporcle
×
Quiz Lab
Quiz Lab
Geography
United States
Type in answers that appear in a list
Type in answers that appear in a list
Classic
Best Score? Go Orange.
States With Highest Poverty Levels Stats
Can you name the U.S. States With The Highest Poverty Levels?
By
kaw_86
15m
50 Questions
193 Plays
193 Plays
193 Plays
Comments
Comments
Give Quiz Kudos
Give Quiz Kudos
-
- Ratings
hide this ad
More Info
Forced Order
Answers have to be entered in order
Answers have to be entered in order
Replay
Link that replays current quiz
Next Quiz
Link to next quiz in quiz playlist
You Got
0%
They Got
Avg Score
29%
Avg Friend Score
Upgrade to see
Score Distribution
Jump to the score distribution portion of the page
Score
0/50
Timer
15:00
0
Plays Today
Percent in Poverty
State
% Correct
21.0%
Mississippi
97.4%
18.5%
Louisiana
83.4%
17.6%
Arkansas
56%
17.9%
New Mexico
55.4%
16.3%
Alabama
51.8%
17.2%
Kentucky
49.2%
17.2%
West Virginia
48.7%
16.3%
Texas
43.5%
15.5%
South Carolina
40.9%
15.7%
Tennessee
40.4%
14.5%
Georgia
39.9%
16.2%
Oklahoma
38.3%
14.6%
North Carolina
38.3%
14.3%
Arizona
35.8%
14.3%
Montana
32.6%
14.0%
Michigan
31.6%
13.8%
New York
29.5%
7.6%
New Hampshire
28%
13.2%
Ohio
26.9%
13.4%
Oregon
26.4%
13.2%
South Dakota
25.9%
12.9%
California
25.9%
13.3%
Missouri
25.4%
12.7%
Indiana
24.4%
12.6%
Florida
24.4%
Percent in Poverty
State
% Correct
8.5%
Connecticut
23.8%
12.6%
Maine
22.3%
8.0%
Maryland
22.3%
12.4%
Idaho
20.7%
12.1%
Illinois
20.7%
10.5%
Vermont
20.7%
8.8%
Hawaii
20.2%
8.7%
New Jersey
20.2%
12.1%
North Dakota
19.7%
10.0%
Utah
19.7%
9.5%
Alaska
19.2%
11.6%
Rhode Island
19.2%
11.9%
Colorado
18.7%
11.2%
Iowa
18.7%
10.0%
Massachusetts
18.7%
11.7%
Kansas
18.1%
9.9%
Virginia
18.1%
10.8%
Nevada
17.6%
10.7%
Wisconsin
17.1%
11.9%
Pennsylvania
17.1%
11.6%
Washington
16.6%
11.1%
Nebraska
16.6%
9.7%
Minnesota
16.6%
8.9%
Wyoming
16.1%
10.4%
Delaware
15.5%
Quiz Playlist
Details
Report
Send in Message
Add To Playlist
More Info:
All information is current as of 2008. In the case of a tie, options are in alphabetical order.
Classic:
Type in answers that appear in a list
Forced Order:
Answers have to be entered in order
Quiz Source
Last Updated: Feb 16, 2017
Quiz Scoreboard
CHALLENGE
Sign Up to Join the Scoreboard
Show All
Scores
Hide
Comments
May contain spoilers
Recently Published
Movies - When Are They Set?
by FPL_Elf
Movies
5m
Popular People in 1961
by mucciniale
History
6m
1-10 Letter E Words III
by El_Dandy
Language
2m
More to Explore
Quiz From the Vault
Featured Blog Post
Where Did the Easter Bunny Come From?
hide this ad
You Might Also Like...
Tags
State Quiz
United States Quiz
highest
Level
Percent
Poverty
Poverty Levels
Today's Top Quizzes in Geography
Browse Geography
hide this ad
Today's Top Quizzes in United States
Browse United States
Top Contributed Quizzes in Geography
1
Countries of the World - No Outlines Minefield
2
Top 25 Cities of France on a map
3
Closest Countries to UK A-Z
4
African Flag Reveal XLV
5
Blind Ultimate Minefield: USA
6
One Thing in Common: United Kingdom
7
Blind Secret Country CLXXXVIII
8
One Thing in Common: Asia
9
Find the US States - No Outlines
10
One Thing in Common: Geography
Explore More
Trending Topics
Marvel
Crossword
NBA
Harry Potter
Disney
Anime
Kpop
NFL
Country
Song
Soccer
Puzzle
The Office
Pokémon
WWE
hide this ad
More By:
kaw_86
Quiz
Plays
Rating
Category
Featured
Created
NCAA Football Team Nicknames
2,628
3.18
Sports
Dec 26, 2009
Location of BCS Schools
302
4.00
Sports
Dec 26, 2009
States With Highest Poverty Levels
193
4.17
Geography
Dec 26, 2009
Go to Creator's Profile
Score Distribution
Quiz Creator Spotlight
kaw_86
Follow
Send a Message
Quizzes Created
-
Created Quiz Play Count
-
More By This Creator
Popular Quizzes Today
1
Find the US States - No Outlines Minefield
2
Find the Countries of Europe - No Outlines Minefield
3
The Countries of the World
4
Popular People in 1961
5
1-10 Letter E Words III
6
US States
7
Find the US States
8
One Thing in Common: World Cities II
More Geography Quizzes
5-Letter Countries
Published
Trending Quizzes
Risky Map Clicking: Least Populous States A-Z
1-10 Letter F Words
1-10 Letter G Words
One Thing in Common: United Kingdom
Risky Map Clicking: Next State Alphabetically
Recently Updated
Leaping Animals
pecheneg
Reality TV Shows (A-Z)
bhenderson79
Rickey Henderson's Hall of Fame Teammates
pecheneg
Champions League XIs: Arsenal
pecheneg
Quick Pick: Celebrities in WWE's Hall of Fame
aduchscher
A-Z Keypad Blitz II
pecheneg
Multiple Oscar Actors
pecheneg
Mystery Phrase Blitz: Oscar 'Best Actors'
pecheneg
F. Scott Fitzgerald Novels
LTH
Pick 3 Villains
ddd62291
Trending Topics
Crossword
NBA
Disney
Marvel
Anime
Harry Potter
Kpop
Puzzle
NFL
The Office
Soccer
Song
Pokémon
WWE
Country
Your Account Isn't Verified!
In order to create a playlist on Sporcle, you need to verify the email address you used during registration. Go to your
Sporcle Settings
to finish the process.
Report this User
Report this user for behavior that violates our
Community Guidelines
.
Details:
Send Report
Go to the Sporcle.com Mobile Site →
Comments